Los Derechos humanos, un desafío global /
El texto hace referencia al proceso de globalización como un mecanismo que plantea el desafío intelectual de revalorizar, reconstruir y ampliar el universalismo democrático. A partir de estos postulados, el autor propone siete líneas de desarrollo democrático de los derechos humanos en la globalizac...
Guardado en:
| Hovedforfatter: | |
|---|---|
| Format: | Texto |
| Fag: | |
| Tags: |
Tilføj Tag
Ingen Tags, Vær først til at tagge denne postø!
|
MARC
| LEADER | 00000 a a2200000 04500 | ||
|---|---|---|---|
| 001 | 16306 | ||
| 003 | |||
| 040 | |||
| 100 | |a Borja, Jordi | ||
| 245 | |a Los Derechos humanos, un desafío global / |c Jordi Borja | ||
| 520 | |a El texto hace referencia al proceso de globalización como un mecanismo que plantea el desafío intelectual de revalorizar, reconstruir y ampliar el universalismo democrático. A partir de estos postulados, el autor propone siete líneas de desarrollo democrático de los derechos humanos en la globalización, las cuales - menciona - inspiran en gran parte la labor de un grupo de trabajo del Institut de Drets Humans de Catalunya | ||
| 650 | |a DERECHOS HUMANOS | ||
| 650 | |a GLOBALIZACION | ||
| 650 | |a DEMOCRACIA | ||
| 650 | |a DESARROLLO HUMANO | ||
| 650 | |a IGUALDAD DE OPORTUNIDADES | ||
| 773 | |g número 48; páginas 83-88 | ||
| 999 | |c 36441 |d 36441 | ||
